Pokemon commençant par la lettre Y - Gen 1 à 9 - Statistiques

Statistiques générales
  • Ce quiz a été pris 47 fois
  • Le résultat moyen est 4 sur 5
Statistiques - réponses
Réponse % Correct
Yanma
95%
Yanmega
95%
Yveltal
95%
Ymphect
60%
Yuyu
44%
Aucun quiz correspondant
Distribution des résultats
% des personnes avec chaque résultat
Percentile par nombre de réponses
Votre historique - résultats
Vous n’avez pas pris ce quiz